01106nam a2200253 i 4500001000700000003000900007005001700016008004100033080001600074080002300090100002800113245016500141250003900306260006100345300002600406490003200432651005700464651005800521700002700579830004000606852006400646999001900710952012300729172509ES-MaACL20230906214935.0090713s1963 xxu |||| | eng d a94(460).092 a32(460)"1931/1939"1 aBorkenau, Franz.93051014aThe Spanish cockpit b: an eye-witness account of the political and social conflicts of the Spanish Civil War / cby Franz Borkenau ; forewood by Gerald Brenan. a1st ed. as an Ann Arbor paperback. a[Michigan] : bThe University of Michigan Press, c1963. aXI, 303 p. ; c20 cm.1 aAnn Arbor paperbacks ; v77 4aEspaña-xHistoria-y1936-1939, Guerra civil.98292 4aEspaña-xPolítica y gobierno-y1931-1939.91410571 aBrenan, Gerald.9315741 aAnn Arbor paperbacks ; v779223350 aES-MaACLjE-12827 z- Biblioteca Jacinto Martínez Lacalle c172509d172509 00104070aATENEOMbATENEOMcDEPO2d2009-07-13eDONl0oE-12827p1181035r2023-02-23 00:00:00w2023-02-23yMONOGRAFIA